Signs of the zodiac and their birth date (sudden death) - Statistics

General Stats
  • This quiz has been taken 12 times
  • The average score is 6 of 10
Answers on the Grid
Answers color-coded by a green-red scale on the quiz's grid according to % correct below.
Aries/April 1st
Sagittarius/Décember 2
Libra/October 13
Mouse/April 31
Gémini/June 3
Aquarius/February 14
Duck/June 31
Cancer/July 4
Pisces/February 30
Scorpio/ November 11
Léo/August 15
Taurus/May 8
Virgo/September 31
Capricorn/January 1 st
 
Answer Stats
Answer % Correct
Gémini/June 3
88%
Cancer/July 4
75%
Aquarius/February 14
63%
Libra/October 13
63%
Aries/April 1st
50%
Léo/August 15
50%
Scorpio/ November 11
50%
Taurus/May 8
50%
Capricorn/January 1 st
38%
Sagittarius/Décember 2
38%
No matching quizzes found
Score Distribution
Percent of People with Each Score
Percentile by Number Answered
Your Score History
You have not taken this quiz